000 00476nam a2200181Ia 4500
001 24255
005 20260414151031.0
008 260414t2018||||xx |||||||||||||| ||spa||
041 _aESP
082 _a345.2
_bB119A
100 _aBazalar Paz, Víctor
_eAUT
245 0 _aEl proceso inmediato :
_bflagrancia, confesión sincera y prisión preventiva
260 _c2018
300 _a414 páginas :
_c25 cm.
650 _aDER
654 _aCDE
942 _cLIB
_dJUS
_fJUS
_2ddc
_n
999 _c24255
_d24255